Vista normal
Vista MARC
- Aguilar Sándoval, Ana Luisa
Entrada Nombre personal
Número de registros utilizados en: 1
001 - NÚMERO DE CONTROL
- campo de control: 12557
003 - IDENTIFICADOR DE NÚMERO DE CONTROL
- campo de control: gtgcusco
005 - FECHA Y HORA DE LA ÚLTIMA TRANSACCIÓN
- campo de control: 20250516115623.0
008 - ELEMENTOS DE DATO DE LONGITUD-FIJA
- campo de control de longitud fija: 250516|| aca||aabn | a|a d
040 ## - FUENTE DE CATALOGACIÓN
- Centro catalogador/agencia de origen: gtgcusco
- Centro/agencia transcriptor: gtgcusco
100 ## - ENCABEZAMIENTO-NOMBRE DE PERSONA
- Nombre de persona: Aguilar Sándoval, Ana Luisa
670 ## - FUENTE DE DATOS ENCONTRADOS
- Cita de la fuente: Work cat.: (gtgcusco)5118: Aguilar Sándoval, Ana Luisa, Determinación de la efectividad de un programa de salud bucal dirigida a padres, tutores y a niños con síndrome de Down, así como a la institución a la que pertenecen, en una muestra de 40 pacientes pertenecientes al Instituto Neurológico de Guatemala., 2000

